000 05163njm a2200637Ia 4500
001 40425
003 IT-RoPAU
005 20220918181130.0
008 131025s9999 xx 000 0 und d
040 _aIT-RoPAU
040 _cIT-RoPAU
999 _c100489
_d100489
999 _bn.d.
100 _aAA.VV.
_9794
100 _eAutore musica
_921224
100 _gCodice autore musica SPICS: 12000
_9796
245 _aJazz. Gli uomini, gli strumenti, gli stili 19
250 _a2a ed.
260 _aMILANO
260 _bFRATELLI FABBRI EDITORI
_c1986 [1a Ed.:1986]
300 _aMUSICASSETTA
300 _c38 minuti (Testo: pag.)
500 _aMusica jazz
505 _aCow Cow Boogie [(New York, 3.11.1943) (3:00)] - Flying Home [(New York, 4.10.1945) (3:00)] - Sentimental Journey [(New York, 24.1.1947) (4:00)] - It's Too Soon To Know [(New York, 20.8.1948) (2:00)] - Basin Street Blues [(New York, 20.9.1949) (4:00)] - I'm Waiting For the Junkman [(New York, 20.9.1949) (4:00)] - Sugarfoot [(New York, 6.3.1950) (3:00)] - Someone To Watch Over Me [(New York, 11.9.1950) (4:00)] - My One and Only Love [(New York, 11.9.1950) (4:00)] - I'm Just A Lucky So and So [(New York, 21.2.1946) (3:00)] - I Didn't Mean A Word I Said [(New York, 21.2.1946) (4:00)]
511 _aMcGhee John: tr; Doggett Bill: p; Mackay Bernie: chit; Haggart Bob: cb; Blowers Johnny: batt; The Ink Spots: gruppo voc; Fitzgerald Ella: voc; Ella Fitzgerald and Her Orchestra
511 _aMussilo Ralph: tr; Genduso Charles: tr; Ruggiero Luis: tr; Pritchard William: tbne; Kaufman Bennie: sax; Cooper Sid: sax; Rubin Sid: sax; Feldman Harry: sax; Wechsler Moe: p; White Hy: chit; Giobbe Felix: cb; Gluger Irv: batt; Fitzgerald Ella: voc; Ella Fitzgerald with Vic Schoen and His Orchestra
511 _aGraham Leonard: tr; King Al: tbne; Powell Jimmy: alto; Heywood Eddie: p; Taylor Billy: cb; Purnell William: batt; Fitzgerald Ella: voc; Ella Fitzgerald with Eddie Heywood and His Orchestra
511 _aFitzgerald Ella: voc; accompagnata da un gruppo comprendente tra gli altri Jacquet Illinois: ten.
511 _aFormazione orchestra incerta comprendente Previn Bernie: tr; Chambers Henderson: tbne; Kyle Billy: p; Oliver Sy: arr; Fitzgerald Ella: voc; Ella Fitzgerald with Sy Oliver and His Orchestra
511 _aPrevin Bernie: tr; Faso Tony: tr; Webster Paul: tr; Chambers Henderson: tbne; Yaner Milt: sax; Cooper Sid: sax; Jerome Jerry: sax; Klink Al: sax; Jones Hank: p; Barksdale Everett: cb; Brown Ray: cb; Crawford Jimmy: batt; Fitzgerald Ella: voc; Ella Fitzgerald with Sy Oliver and His Orchestra
511 _aLarkins Ellis: p; Fitzgerald Ella: voc; Ella Fitzgerald with Ellis Larkins
511 _aKyle Billy: p; Shirley Jimmy: chit; Raglin Junior: cb; Payne Sylvester: batt; Fitzgerald Ella: voc; Ella Fitzgerald with Billy Kyle and His Trio
650 _aJAZZ [CASSETTE]
_eCodice MATERIA SPICS: 9951
_91831
700 _aFitzgerald Ella
_dCodice interprete SPICS: 10784
_eInterprete
_921225
700 _aRaye Don
_dCodice autore musica SPICS: 20467
_eAutore musica
_pCow Cow Boogie
_921226
700 _aDe Paul G.
_dCodice autore SPICS: 20243
_eAutore
_pCow Cow Boogie
_921227
700 _aCarter Benny
_dCodice autore testo/musica SPICS: 10774
_eAutore testo/musica
_pCow Cow Boogie
_921228
700 _aGoodman Benny
_dCodice autore musica SPICS: 10538
_eAutore musica
_pFlying Home
_921229
700 _aHampton Lionel
_dCodice autore SPICS: 10771
_eAutore
_pFlying Home
_921230
700 _aRobin Leo
_dCodice autore testo/musica SPICS: 20175
_eAutore testo/musica
_pFlying Home
_921231
700 _aGreen Bernie
_dCodice autore musica SPICS: 15839
_eAutore musica
_pSentimental Journey
_921232
700 _aBrown
_dCodice autore SPICS: 20445
_eAutore
_pSentimental Journey
_921233
700 _aHomer
_dCodice autore testo/musica SPICS: 20468
_eAutore testo/musica
_pSentimental Journey
_921234
700 _aPits
_dCodice autore musica SPICS: 20469
_eAutore musica
_pIt's Too Soon To Know
_921235
700 _aEgan
_dCodice autore SPICS: 16002
_eAutore
_pIt's Too Soon To Know
_921236
700 _aWhiteman
_dCodice autore testo/musica SPICS: 20470
_eAutore testo/musica
_pIt's Too Soon To Know
_921237
700 _aWilliams
_dCodice autore musica SPICS: 20150
_eAutore musica
_pBasin Street Blues
_921238
700 _aDemetrius
_dCodice autore musica SPICS: 20471
_eAutore musica
_pI'm Waiting For the Junkman
_921239
700 _aGarland Joe
_dCodice autore musica SPICS: 14425
_eAutore musica
_pSugarfoot
_921240
700 _aVaughn Billy
_dCodice autore SPICS: 15844
_eAutore
_pSugarfoot
_921241
700 _aGershwin Ira
_dCodice autore musica SPICS: 10501
_eAutore musica
_pSomeone To Watch Over Me
_921242
700 _aGershwin George
_dCodice autore SPICS: 10668
_eAutore
_pSomeone To Watch Over Me - My One and Only Love
_921243
700 _aEllington Duke
_dCodice autore musica SPICS: 13023
_eAutore musica
_pI'm Just A Lucky So and So
_921244
700 _aMcHugh Jimmy
_dCodice autore musica SPICS: 16297
_eAutore musica
_pI Didn't Mean A Word I Said
_921245
700 _aAdamson
_dCodice autore SPICS: 20472
_eAutore
_pI Didn't Mean A Word I Said
_921246
942 _cMC
_2ddc